Score 0/16 Timer 05:00
0 Plays Today
# trophy name % Correct
Academy Award
95.9%
Grammy Award
92.1%
Stanley Cup
81.5%
Heisman Trophy
75.1%
Emmy Award
66.9%
Vince Lombardi Trophy
65%
FIFA World Cup Trophy
60.7%
Golden Globe Award
47.9%
# trophy name % Correct
Tony Award
44.9%
Commissioner's Trophy
43.7%
Kentucky Derby Trophy
40.5%
MTV Video Music Award Moonman
38.8%
Wimbledon Trophy
37.1%
Larry O'Brien Trophy
31.3%
BAFTA Award
18.3%
European Cup
14.3%
Remove Ads.
Support Sporcle.
Get the best of Sporcle when you Go Orange. This ad-free experience offers more features, more stats, and more fun while also helping to support Sporcle. Thank you for becoming a member.

You're not logged in!

Compare scores with friends on all Sporcle quizzes.
OR
Log In

Show Comments

Extras

Top Quizzes Today


Score Distribution

Your Account Isn't Verified!

In order to create a playlist on Sporcle, you need to verify the email address you used during registration. Go to your Sporcle Settings to finish the process.

Report this User

Report this user for behavior that violates our Community Guidelines.

Details: